000 00210 a2200097 4500
001 48025
100 _aCragg
245 _aEvent of the Quran
260 _aLondon
_bGeorge Allen unwin
_c
090 _c31013
_d31013
942 _aNUST-CAE
_cM
_c23352
999 _c283098
_d283098